Antología pedagógica de Platón
Sparad:
| Huvudupphovsman: | |
|---|---|
| Materialtyp: | Bok |
| Språk: | spanska |
| Publicerad: |
Ciudad de México
Luis Fernández
1957
|
| Serie: | Ensayos Pedagógicos, 4
|
| Ämnen: | |
| Taggar: |
Lägg till en tagg
Inga taggar, Lägg till första taggen!
|
MARC
| LEADER | 00000nam a2200000 a 4500 | ||
|---|---|---|---|
| 001 | UCY7963 | ||
| 003 | CL-VaPUC | ||
| 008 | 950623e19570000MX |||||||||||||||||spa|d | ||
| 082 | 0 | 4 | |a 370.1 |b HER |2 21 |
| 100 | |a Hernández Ruiz, Santiago |e author |9 576883 | ||
| 245 | 1 | 0 | |a Antología pedagógica de Platón |
| 300 | |a 273 p | ||
| 942 | |c BK | ||
| 945 | |d 19950623 00:00:00 |a mfernand | ||
| 260 | |a Ciudad de México |b Luis Fernández |c 1957 | ||
| 650 | 0 | |a Filosofía de la educación |9 258384 | |
| 650 | 0 | |a Historia de la educación |9 257642 | |
| 650 | 0 | |a Teoría de la educación |9 309368 | |
| 650 | 0 | |a Platonismo |9 265673 | |
| 583 | |a last modification |c 20170925 04:16:42 |k Rodrigo Vera | ||
| 490 | 0 | |a Ensayos Pedagógicos, 4 | |
| 999 | |c 235255 |d 235253 | ||
| 952 | |0 0 |1 0 |4 0 |6 370_100000000000000_HER_1957 |7 0 |8 P |9 242548 |a BIBEDU |b BIBEDU |c BIBEDU_PB |d 2019-11-18 |i 1523449 |o 370.1 HER 1957 |p 1523449 |r 2024-01-25 |w 2019-11-18 |y BK |k EDU | ||